Crocodylia de Sur America volumen II (Registro nro. 1426)

Detalles MARC
000 -CABECERA
Campo de control 00722nam a2200217 a 4500
005 - FECHA Y HORA DE LA ULTIMA TRANSACCION
Campo de control 20140227153101.0
008 - ELEMENTOS DE LONGITUD FIJA—INFORMACION GENERAL
Campo de control 140227b1983 ck ||||| |||| 00| 0 spa d
041 ## - IDIOMA
Código de idioma para texto/pista de sonido o título separado Español
044 ## - PAÍS DE PUBLICACIÓN
País de publicación Colombia
090 ## - CLASIFICACIÓN LOCAL
Colección LB
Consecutivo 01418
100 ## - ASIENTO PRINCIPAL--NOMBRE PERSONAL
Nombre personal Medem M., Federico
245 ## - MENCION DE TITULO
Título Crocodylia de Sur America volumen II
Parte restante del título Venezuela - Trinidad - Tobago - Guyana - Suriname - Guayana Francesa - Ecuador - Perú - Bolivia - Brasil - Paraguay - Argentina - Uruguay
260 ## - PUBLICACION, DISTRIBUCION, ETC. (PIE DE IMPRENTA)
Lugar de publicación, distribución, etc. Bogotá
Nombre del editor, distribuidor, etc. ICN
-- COLCIENCIAS
Fecha de publicación, distribución, etc. 1983
300 ## - DESCRIPCION FISICA
Extensión 270 p.
650 ## - ASIENTO SECUNDARIO DE MATERIA - TERMINO TEMATICO
Término temático o nombre geográfico como elemento de entrada Nomenclatura
650 ## - ASIENTO SECUNDARIO DE MATERIA - TERMINO TEMATICO
Término temático o nombre geográfico como elemento de entrada Descripciones taxonómicas
650 ## - ASIENTO SECUNDARIO DE MATERIA - TERMINO TEMATICO
Término temático o nombre geográfico como elemento de entrada Comportamiento
650 ## - ASIENTO SECUNDARIO DE MATERIA - TERMINO TEMATICO
Término temático o nombre geográfico como elemento de entrada Ecología
650 ## - ASIENTO SECUNDARIO DE MATERIA - TERMINO TEMATICO
Término temático o nombre geográfico como elemento de entrada Taxonomía
942 ## - ELEMENTOS ADICIONALES (KOHA)
Tipo de ítem Impreso
Sistema de clasificación Local
Existencias
Withdrawn status Lost status Sistema de Clasificación Damaged status No para préstamo Colección Inventariado Ubicación Permanente Ubicación actual Fecha de adquisición Fuente de Valor Total Checkouts Número topográfico Inventario / Código de Barras Date last seen Ejemplar Price effective from Forma de adquisición Tipo de material
    Local     Herpetología Inventariado 2017 Villa de Leyva Villa de Leyva 17/04/2001 Amazon   LB-01418 001972 04/12/2012 Ej. 2 04/12/2012   Libro
    Local     Herpetología Inventariado 2017 Villa de Leyva Villa de Leyva 11/08/1999 Amazon   LB-01418 001973 04/12/2012 Ej. 1 04/12/2012   Libro